Statistics for Countries that have beaten Brazil at the World Cup

Click here to take the quiz!

General Stats

  • This quiz has been taken 97 times
    (42 since last reset)
  • The average score is 16 of 21

Answer Stats

HintAnswer% Correct
2014Germany
100%
1990Argentina
97%
1986France
97%
1998France
97%
2006France
97%
1938Italy
90%
1982Italy
90%
1934Spain
90%
1950Uruguay
87%
2014Netherlands
84%
2010Netherlands
84%
1974Netherlands
84%
2022Croatia
81%
2018Belgium
74%
1966Portugal
71%
1966Hungary
58%
1954Hungary
58%
1974Poland
52%
2022Cameroon
48%
1998Norway
35%
1930Yugoslavia
32%

Score Distribution

Percentile by Number Answered

Percent of People with Each Score

Your Score History

You have not taken this quiz since the last reset